[Event "Komotini op"]
[Site "Komotini"]
[Date "1992.??.??"]
[Round "?"]
[White "Makropoulou, Marina"]
[Black "Alexandrou, Thomas"]
[Result "0-1"]
[WhiteElo "2285"]
[BlackElo "2205"]
[PlyCount "68"]
[EventDate "1992.08.??"]
[EventType "swiss"]
[EventRounds "9"]
[EventCountry "GRE"]
[SourceTitle "EXT 2000"]
[Source "ChessBase"]
[SourceDate "1999.11.16"]
[SourceVersion "1"]
[SourceVersionDate "1999.11.16"]
[SourceQuality "1"]

1. e4 e6 2. d4 c5 3. Nf3 cxd4 4. Nxd4 a6 5. Be2 Nc6 6. 0-0 Bc5 7. Nb3 Ba7 8. Bf4 Nge7 9. Bd6 0-0 10. Nc3 b5 11. e5 Bb7 12. Ne4 f6 13. exf6 gxf6 14. Nbc5 Na5 15. Qd3 Bd5 16. Qg3+ Kh8 17. Bc7 Nf5 18. Qf4 Qe7 19. Nxa6 Nc4 20. b3 Nce3 21. Rfd1 Rg8 22. Rxd5 Nxg2 23. Qd2 Nge3+ 24. Ng3 Nxd5 25. Bxb5 Nd4 26. Be2 Rac8 27. c3 Nxe2+ 28. Qxe2 Nxc7 29. Nxc7 Rxc7 30. c4 Rc5 31. Rd1 Rf5 32. Kh1 Rxf2 33. Qe4 Qg7 34. Qb7 Rxh2+ 0-1